Football : Gagnants de la supercoupe de l'UEFA - Statistiques

Statistiques générales
  • Ce quiz a été pris 102 fois
  • Le résultat moyen est 36 sur 49
Statistiques - réponses
Année Club % Correct
2002 Real Madrid
100%
2014 Real Madrid
100%
2016 Real Madrid
100%
2017 Real Madrid
100%
2022 Real Madrid
100%
2024 Real Madrid
100%
2023 Manchester City
95%
2013 Bayern Munich
94%
2020 Bayern Munich
94%
1998 Chelsea
94%
2021 Chelsea
94%
1992 FC Barcelone
94%
1997 FC Barcelone
94%
2009 FC Barcelone
94%
2011 FC Barcelone
94%
2015 FC Barcelone
94%
1991 Manchester United
93%
1977 Liverpool
92%
2001 Liverpool
92%
2005 Liverpool
92%
2019 Liverpool
92%
1989 Ac Milan
89%
1990 Ac Milan
89%
1994 Ac Milan
89%
2003 Ac Milan
89%
2007 Ac Milan
89%
1984 Juventus
81%
1996 Juventus
81%
2006 FC Séville
80%
2010 Atletico Madrid
75%
2012 Atletico Madrid
75%
2018 Atletico Madrid
75%
1987 FC Porto
73%
1973 Ajax
71%
1995 Ajax
71%
1980 Valence
57%
2004 Valence
57%
1979 Nottingham Forest
51%
1982 Aston Villa
43%
1999 Lazio Rome
41%
2008 Zénith Saint-Pétersbourg
39%
2000 Galatasaray
36%
1986 Steaua Bucarest
36%
1993 Parme
23%
1975 Dynamo Kiev
22%
1976 Anderlecht
20%
1978 Anderlecht
20%
1983 Aberdeen
11%
1988 FC Malines
10%
Aucun quiz correspondant
Distribution des résultats
% des personnes avec chaque résultat
Percentile par nombre de réponses
Votre historique - résultats
Vous n’avez pas pris ce quiz